Predaj nehnuteľností (bytu, domu, garáže, pôdy a iných nehnuteľností) vo vzťahu k dani z príjmov fyzických osôb za rok 2003

Kedy ide o zdaniteľný príjem, resp. za akých podmienok ide o príjem od dane oslobodený.

Saved in:
Bibliographic Details
Main Author: Piršelová, Dagmar
Format: Book Chapter
Language:Slovak
Subjects:
Tags: Add Tag
No Tags, Be the first to tag this record!

MARC

LEADER 00000naa$a2200000$$$4500
001 0001859
005 20230927072229.6
041 0 |a slo 
044 |a SK 
245 1 0 |a Predaj nehnuteľností (bytu, domu, garáže, pôdy a iných nehnuteľností) vo vzťahu k dani z príjmov fyzických osôb za rok 2003  |c aut. Dagmar Piršelová 
520 |a Kedy ide o zdaniteľný príjem, resp. za akých podmienok ide o príjem od dane oslobodený. 
610 2 0 |a dane z príjmov 
610 2 0 |a predaj 
610 2 0 |a nehnuteľnosti 
610 2 0 |a oslobodenie od daní 
100 1 |a Piršelová, Dagmar